Central Library OPAC University of Rajshahi

History, tales, and sketches / (Record no. 19036)

MARC details
000 -LEADER
fixed length control field 00999nam a2200289 a 4500
001 - CONTROL NUMBER
control field 19036
003 - CONTROL NUMBER IDENTIFIER
rucl marc code BD-RjUL
005 - DATE AND TIME OF LATEST TRANSACTION
control field 20211209000356.0
008 - FIXED-LENGTH DATA ELEMENTS--GENERAL INFORMATION
fixed length control field 140223s1983 nyu 000 0 eng d
020 ## - INTERNATIONAL STANDARD BOOK NUMBER
International Standard Book Number 0521261163 (Cambridge)
International Standard Book Number 0940450143
035 ## - SYSTEM CONTROL NUMBER
System control number (BD-RjUL)19094
System control number BD-RjUL
040 ## - CATALOGING SOURCE
Original cataloging agency BD-RjUL
Language of cataloging eng
Transcribing agency BD-RjUL
041 ## - LANGUAGE CODE
Language code of text/sound track or separate title eng
082 ## - DEWEY DECIMAL CLASSIFICATION NUMBER
Classification number 818.209
Edition number 19
Author mark and year IRH 1983
100 1# - MAIN ENTRY--PERSONAL NAME
Personal name Irving, Washington,
Dates associated with a name 1783-1859.
9 (RLIN) 52492
245 10 - TITLE STATEMENT
Title History, tales, and sketches /
Statement of responsibility, etc. Washington Irving
260 ## - PUBLICATION, DISTRIBUTION, ETC. (IMPRINT)
Place of publication, distribution, etc. New York, N.Y :
Name of publisher, distributor, etc. Literary Classics of the United States ;
Place of publication, distribution, etc. Cambridge :
Name of publisher, distributor, etc. Press Syndicate of the University of Cambridge,
Date of publication, distribution, etc. 1983.
300 ## - PHYSICAL DESCRIPTION
Pagination 1126 p. :
Size 21 cm
500 ## - GENERAL NOTE
General note Edited by James W. Tuttleton
505 0# - FORMATTED CONTENTS NOTE
Formatted contents note Contents: Letters of Jonathan Oldstyle, Gent. - Salmagundi - A history of New York - The sketch book of Geoffrey Crayon, Gent
830 #0 - SERIES ADDED ENTRY--UNIFORM TITLE
Uniform title Library of America
942 ## - ADDED ENTRY ELEMENTS (KOHA)
Source of classification or shelving scheme Dewey Decimal Classification
Koha item type Books
Holdings
Lost status Source of classification or shelving scheme Damaged status Not for loan Collection code Permanent Location Current Location Shelving location Date acquired Source of acquisition Total Checkouts Full call number Date last seen Copy number Koha item type
  Dewey Decimal Classification   Not For Loan Fiction Central Library, University of Rajshahi Central Library, University of Rajshahi Reading Room 02/07/1999 Asia foundation   818.209 IRH 1983 23/02/2014 C-1 Books